000
00268nam a2200121Ia 4500
999
_c
14101
_d
14101
008
260210s9999 xx 000 0 und d
020
_a
9787568007894
082
_a
747.92
100
_a
Cuttle
245
0
_a
Lighting Design
260
_b
Routledge
942
_c
BDES
_2
ddc